000 00991nam a2200313 a 4500
005 20200104041524.0
008 140303b2000 mx ||||| |||| 00| 0 spa d
020 _a968791307X
040 _aCO-BoIAVH
_cCO-BoIAVH
041 _aspa
044 _amx
082 1 4 _a338.16
_bA46a
100 1 _aAltieri, Miguel A.
245 1 0 _aAgroecología
_bteoría y práctica para una agricultura sustentable.
260 _aMéxico:
_bPNUMA,
_c2000.
300 _a250 páginas.
490 _aSerie textos básicos para la formación ambiental
_v4
650 1 4 _aAgroecología
650 1 4 _aUso sostenible
650 1 4 _aSistemas de producción agropecuarios
650 1 4 _aManejo de recursos
650 1 4 _aImpacto ecológico
650 1 4 _aBiotecnología
650 1 4 _aCultivos transgénicos
650 _aControl biológico
650 _aAgroecosistemas
700 1 _aNicholls, Clara I.
_eautora
942 _cLIBRO
_2ddc
999 _c1806
_d1806